| 000 | 00774nam a22002057a 4500 | ||
|---|---|---|---|
| 999 |
_c4725 _d4725 |
||
| 003 | AR-CdUCM | ||
| 008 | 190311b ||||| |||| 00| 0 spa d | ||
| 040 |
_aMUNICIPALIDAD PROVINCIAL DEL CUSCO _cBIBLIOTECA MUNICIPAL DEL CUSCO |
||
| 082 |
_a985.12 / _bL46 |
||
| 100 |
_aLeón Olavarría, Jaime _914643 |
||
| 245 |
_aPiura : _btestimonios / |
||
| 260 |
_aPiura : _bUniversidad de Piura, _c1989. |
||
| 300 |
_a99 páginas ; _bilustraciones, fotografías, _c21 cm. |
||
| 505 | _aDescripciones acerca de paisajes, personajes, características y costumbres de los diferentes poblados del departamento de Piura; con múltiples fotografías. | ||
| 650 |
_aPiura _95752 |
||
| 650 |
_aDescripciones y viajes _9497 |
||
| 650 |
_aTestimonios _9915 |
||
| 942 |
_2ddc _cPP |
||
| 945 | _araen | ||